00541nam a2200157 a 450000100100000000500170001000800410002704000250006808200160009324500770010926000370018630000200022304900090024395201140025299900170036600003203820200930063358.0110712s1983 dr 000 0 spa d aDO-SdBNPbspacBNPHU axxxxbP124b03aEl Padre Billini :beducador y sus relaciones con la Lotería Nacional. a[Santo Domingo :bs.n.,c1983?]. a16 p. ;c21 cm. aBNPD 0010718PDaPDbPDcCTd2011-07-12iLF1l0oxxxx P124bp32038-10r2020-06-25w2020-06-25yLFPDZNo se presta c31529d31529